| 000 | 01084nam a2200229Ia 4500 | ||
|---|---|---|---|
| 001 | 282.050 92-ATT co (11743) | ||
| 003 | IT-MiSPE | ||
| 008 | 171229s9999||||xx |||||||||||||| ||und|| | ||
| 040 |
_aIT-MiSPE _cIT-MiSPE |
||
| 041 | _aITALIANO | ||
| 100 | _aAA.VV. | ||
| 245 | 0 |
_aAtti del Convegno di Studi sul Beato Giovanni da Montecorvino _bGetsemani di Paestum, Montecorvino Rovella, 2-5 gennaio 1994 |
|
| 250 | _a1a ed. (v) | ||
| 260 |
_aS.l. _bs.e. _cs.d. |
||
| 300 |
_a120 p. _c21 cm |
||
| 500 | _aGiovanni da Montecorvino, beato | ||
| 501 | _aEdizioni San Paolo srl - Piazza Soncino, 5 - 20092 CINISELLO BALSAMO (MI) (non commercial uses only) ® Copyright 2018 | ||
| 520 | _aIll. Uso manoscritto | ||
| 942 | _cBK | ||
| 957 | _71 | ||
| 999 |
_a16222 _bNO _g Copie: 1 _c348646 _d348646 |
||